000 00476nam a2200181Ia 4500
001 4493
005 20260306145800.0
008 260306t2008||||xx |||||||||||||| ||spa||
041 _aESP
082 _a323.34
_bI59M
100 _aInstituto Interamericano de Derechos Humanos
_eAUT
245 0 _aManual sobre derechos humanos de las mujeres indígenas
260 _c2008
300 _a378 páginas :
_c28 cm.
650 _aGEN
654 _aCHU
942 _cLIB
_dJUS
_fJUS
_2ddc
_n
999 _c4493
_d4493